Arthritis and rheumatism.

Bibliographic Details
New Title:Arthritis & rheumatology (Online)
Corporate Authors: American Rheumatism Association, Wiley InterScience (Online service), Arthritis Foundation
Format: Journal
Language:English
Published: [Place of publication not identified] : Lippincott [Williams & Wilkins]
Subjects:
Online Availability: Check for online availability

MARC

Tag First Indicator Second Indicator Subfields
LEADER 00000cas a22000003 4500
001 in00004493313
005 20220223172847.9
006 m d
007 cr cn ---|||||
008 981116d19uu2013us mr p o 0 a0eng
022 |a 1529-0131 
035 |a (OCoLC)ocm43582964 
035 |z (UtOrBLW)30775 
035 |a 45932 
037 |b John Wiley & Sons, Inc., 605 3rd Ave., New York, NY 10158 
040 |a NSD  |c NSD  |d OCLCQ  |d SBH  |d OCLCQ  |d GUA  |d TMC  |d OCLCQ  |d MUQ  |d CLU  |d IUL  |d NSD  |d BUF  |d OCLCQ  |d TMV  |d UtOrBLW 
049 |a TMVM 
060 4 |a WE 1 
060 4 |a WD 300 
245 0 0 |a Arthritis and rheumatism. 
246 3 0 |a Arthritis & rheumatism 
264 1 |a [Place of publication not identified] :  |b Lippincott [Williams & Wilkins] 
336 |a text  |2 rdacontent  |b txt 
337 |a computer  |2 rdamedia 
338 |a online resource  |2 rdacarrier  |b cr 
362 1 |a Coverage as of June 13, 2014: Vol. 1, no. 1 (Jan. 1958)-v. 65, issue 12 (Dec. 2013). 
500 |a Description based on: Volume 42, issue 1 (Jan. 1999); title from general information screen (viewed July 1, 2003). 
506 |a This title is restricted to authorized TAMU and TAMHSC users. 
500 |a Electronic resource. 
610 2 4 |a American College of Rheumatology. 
650 2 |a Arthritis. 
650 2 |a Rheumatic Diseases. 
655 2 |a Periodicals. 
690 |a medimp 
710 2 |a American Rheumatism Association. 
710 2 |a Wiley InterScience (Online service) 
710 2 |a Arthritis Foundation. 
776 1 |t Arthritis and rheumatism (Print)  |x 0004-3591  |w (OCoLC)01514332 
785 0 0 |t Arthritis & rheumatology (Online)  |x 2326-5205  |w (OCoLC)826899003 
948 |a Online access via Wiley Interscience 12/6/2017 
948 |a Ebsco Subscription Services  |g 082-988-601 (online) 
999 |a MARS 
999 f f |s 65bb1ba5-7b6a-3af2-ae92-f3dade897fac  |i 5ef627b9-1916-314a-9667-f197d26e4d36  |t 0 
952 f f |a Texas A&M University  |b College Station  |c Electronic Resources  |d Available Online  |t 0  |e Online Journal  |h Other scheme 
998 f f |a Online Journal  |t 0  |l Available Online